000 00467cam a2200181ua 4500
001 9206
008 150224n ii |||gr||||Z||||||asm
040 _cMAIN
041 _aasm
082 _a891.4511
100 _aGogoi, H. V.,
_eEditor.
245 _aAdhaphuta ranga joba phulborar dare
_cEdited by Hitesh Vikash Gogoi
250 _a1st.
260 _aDibrugarh:
_bZila,
_c2014.
300 _a72p.
653 _aEast Indo-European & Celtic literatures
942 _cBK
999 _c8275
_d8275